000 00490nam a22001697a 4500
010 _aENG-120700
020 _a9788192854434
_c599.00
035 _aEN-104232
037 _bDBAD/PUB
082 _a180
100 _aRajput, T.S.
245 _aKnow thy life /
_cby T.S. Rajput
260 _aDelhi
_bLexicon Publishing House
_c2017
270 _aPlot No,289, Shri Ram Mandir Lane, Sant Nagar,
_bDelhi
_e110084
300 _a181p.
_b21cm(Hb).
942 _2ddc
_cEN
_h180
_mRAJ
999 _c144897
_d144897